Normal view
MARC view
- Singay, Khurshid Ali
Entry Personal Name
001 - CONTROL NUMBER
- control field: 82318
003 - CONTROL NUMBER IDENTIFIER
- control field: NUST
005 - DATE AND TIME OF LATEST TRANSACTION
- control field: 20210909111812.0
008 - FIXED-LENGTH DATA ELEMENTS
- fixed length control field: 210909|| aca||aabn | a|a d
040 ## - CATALOGING SOURCE
- Original cataloging agency: NUST
- Transcribing agency: NUST
100 ## - HEADING--PERSONAL NAME
- Personal name: Singay, Khurshid Ali
670 ## - SOURCE DATA FOUND
- Source citation: Work cat.: (NUST): Singay, Khurshid Ali, Theories of international relations, 2020
